[Event "7th Nana Aleksandria Cup"]
[Site "Poti GEO"]
[Date "2012.07.15"]
[Round "2.15"]
[White "Manukyan,SaV"]
[Black "Mohammed,Latif"]
[Result "1-0"]
[WhiteElo "2349"]
[BlackElo "2011"]

1.d4 Nf6 2.Nf3 e6 3.c4 b6 4.Nc3 Bb4 5.Bg5 Bb7 6.e3 O-O 7.Bd3 d5 8.cxd5 exd5
9.O-O Bxc3 10.bxc3 h6 11.Bh4 Nbd7 12.Ne5 g5 13.Bg3 Qe7 14.f4 Ne4 15.Bxe4 dxe4
16.Nxd7 Qxd7 17.Qh5 Ba6 18.fxg5 Bxf1 19.Rxf1 Rae8 20.Rf6 Re6 21.Be5 Rxf6
22.Bxf6 Qf5 23.Qxh6 Qh7 24.g4 c6 25.Kg2 Re8 26.Kg3 Re6 27.Qxh7+ Kxh7 28.Kf4 b5
29.h4 a5 30.Be5 b4 31.cxb4 axb4 32.Kxe4 Re8 33.h5 Ra8 34.Bd6 Ra4 35.Bc5 Kg7
36.Ke5 Rxa2 37.Bxb4 Rg2 38.Be7 Rxg4 39.Bf6+ Kf8 40.h6 Kg8 41.Kd6 Re4 42.Kxc6 Rxe3
43.d5 Ra3 44.d6 Kf8 45.h7  1-0

[Event "5th Paleochora Open"]
[Site "Paleochora GRE"]
[Date "2012.07.16"]
[Round "1.7"]
[White "Svetushkin,D"]
[Black "Tsounis,S"]
[Result "1-0"]
[WhiteElo "2592"]
[BlackElo "1821"]

1.d4 Nf6 2.c4 e6 3.Nf3 b6 4.Nc3 Bb4 5.Bg5 Bxc3+ 6.bxc3 h6 7.Bh4 g5 8.Bg3 d6
9.Nd2 Bb7 10.f3 Nbd7 11.h4 g4 12.h5 gxf3 13.gxf3 Qe7 14.Qa4 Rg8 15.Bh4 c6
16.Ne4 d5 17.Nxf6+ Nxf6 18.Bh3 Kf8 19.O-O-O Qd6 20.e3 Nh7 21.f4 b5 22.Qc2 Qa3+
23.Kd2 Kg7 24.c5 b4 25.Rb1 bxc3+ 26.Qxc3 Qxc3+ 27.Kxc3 Ba6 28.Rhg1+ Kh8 29.Be7 Rxg1
30.Rxg1 Be2 31.Bd6 Rg8 32.Be5+ f6 33.Rxg8+ Kxg8 34.Bxe6+ Kg7 35.Bb8 a6 36.Bd7 Bb5
37.Kb4 Nf8 38.Be8 Ne6 39.a4 Be2 40.Bxc6 Bxh5 41.Bxd5  1-0

[Event "ch-SUI Hauptturnier 1 2012"]
[Site "Flims SUI"]
[Date "2012.07.19"]
[Round "8"]
[White "Huss,A"]
[Black "Sher,M"]
[Result "1/2-1/2"]
[WhiteElo "2319"]
[BlackElo "2410"]

1.d4 e6 2.c4 Nf6 3.Nf3 b6 4.Nc3 Bb4 5.Qc2 Bb7 6.a3 Bxc3+ 7.Qxc3 O-O 8.e3 d6
9.Bd3 Nbd7 10.O-O Ne4 11.Qe1 c5 12.Nd2 Nxd2 13.Bxd2 cxd4 14.exd4 d5 15.b3 dxc4
16.bxc4 Nc5 17.Bxh7+ Kxh7 18.dxc5 Qd4 19.Qc1 Bxg2 20.Kxg2  1/2-1/2

[Event "Dutch Open 2012"]
[Site "Dieren NED"]
[Date "2012.07.26"]
[Round "3.13"]
[White "Schouten,N"]
[Black "Vereggen,L"]
[Result "1-0"]
[WhiteElo "2232"]
[BlackElo "2051"]

1.d4 Nf6 2.Nf3 e6 3.c4 b6 4.Nc3 Bb4 5.e3 Bb7 6.Be2 Ne4 7.Qc2 Bxc3+ 8.bxc3 d6
9.O-O Nd7 10.Ne1 f5 11.f3 Nef6 12.Nd3 O-O 13.c5 Qe7 14.cxd6 cxd6 15.Qb3 Rfc8
16.Nf4 Kf7 17.Bd3 Nd5 18.Nxd5 Bxd5 19.c4 Bb7 20.Bd2 Nf6 21.e4 Qd7 22.Bg5 d5
23.cxd5 exd5 24.exf5 Re8 25.Bf4 Rac8 26.Be5 Bc6 27.Rac1 Bb7 28.g4 Rxc1 29.Rxc1 Rc8
30.Rc2 Rxc2 31.Qxc2 Ne8 32.Kg2 Bc6 33.Qe2 a5 34.h4 b5 35.g5 b4 36.f4 Kg8
37.Qh5 a4 38.f6 g6 39.Bxg6 hxg6 40.Qxg6+ Kf8 41.f5 Nxf6 42.Qxf6+ Ke8 43.g6  1-0

[Event "PAB Romania Open 2012"]
[Site "Arad ROU"]
[Date "2012.07.27"]
[Round "8.28"]
[White "Deac,Bogdan-Daniel"]
[Black "Mladenovic,St"]
[Result "1-0"]
[WhiteElo "1950"]
[BlackElo "2236"]

1.d4 Nf6 2.c4 e6 3.Nf3 b6 4.Nc3 Bb4 5.Bg5 Bb7 6.Nd2 h6 7.Bh4 g5 8.Bg3 Bxc3
9.bxc3 d6 10.e3 Qe7 11.f3 Nc6 12.Bd3 O-O-O 13.Qc2 e5 14.d5 Nb8 15.O-O-O Na6
16.Bf2 Nd7 17.g4 Kb8 18.h4 Nac5 19.e4 Qf6 20.Be2 Rc8 21.h5 c6 22.Nf1 cxd5
23.cxd5 Rc7 24.Ne3 Rhc8 25.Kb1 Ba6 26.Be1 b5 27.Rc1 Na4 28.Qb3 Ndb6 29.Nf5 Nc4
30.Ka1 Ka8 31.Bxc4 Rxc4 32.Ne3 Qxf3 33.Nxc4 Rxc4 34.Bd2 Qxe4 35.Rhf1 Qxd5
36.Be3 Qd3 37.Bg1 Rxc3 38.Qxf7 Qd2 39.Qxa7+  1-0

[Event "Politiken Cup 2012"]
[Site "Helsingor DEN"]
[Date "2012.07.29"]
[Round "3.74"]
[White "Jensen,JohnK"]
[Black "Skjoldager,M"]
[Result "0-1"]
[WhiteElo "1874"]
[BlackElo "2077"]

1.c4 Nf6 2.d4 e6 3.Nf3 b6 4.Nc3 d5 5.e3 Bb7 6.Bd3 Be7 7.cxd5 exd5 8.O-O O-O
9.Qc2 Nbd7 10.Rd1 Rc8 11.Nb5 c6 12.Nxa7 Rc7 13.Bd2 Qb8 14.Nxc6 Rxc6 15.Qb3 Bd6
16.Bb5 Rcc8 17.Rac1 Rxc1 18.Rxc1 Rc8 19.Qd3 Rxc1+ 20.Bxc1 Qc7 21.Bd2 Ne4
22.Bc3 Bc6  0-1

[Event "Tabor Open 2012"]
[Site "Tabor CZE"]
[Date "2012.07.30"]
[Round "2.18"]
[White "Matejka,R"]
[Black "Trepka,J"]
[Result "1-0"]
[WhiteElo "1992"]
[BlackElo "2221"]

1.d4 Nf6 2.c4 e6 3.Nf3 b6 4.Nc3 Bb7 5.Bg5 Be7 6.e3 O-O 7.Be2 d5 8.O-O Nbd7
9.Qc2 h6 10.Bf4 Rc8 11.cxd5 Nxd5 12.Nxd5 exd5 13.Qa4 a6 14.b4 b5 15.Qb3 Nb6
16.Ne5 Nc4 17.Rfd1 g5 18.Bg3 f5 19.Ng6 Rf6 20.Bh5 Qe8 21.Nf4 Qf8 22.Nd3 Bd6
23.Nc5 Bxc5 24.bxc5 Bc6 25.Rac1 Be8 26.Bf3 c6 27.a4 Bd7 28.axb5 axb5 29.Ra1 Ra8
30.Qc3 Re6 31.Bh5 Rxa1 32.Rxa1 Qe7 33.Ra8+ Kg7 34.h3 Qf6 35.Bc7 Kh7 36.Ra7 Kg8
37.Be5 Nxe5 38.dxe5 Qd8 39.Qa1 Be8 40.Ra8 Qd7 41.Qa5 Kf8 42.Qb6 Re7 43.Rd8 Qe6
44.f4 gxf4 45.exf4 Kg7 46.Bxe8 Rxe8 47.Rd6 Qf7 48.Qxc6 Re7 49.Qxb5 Rb7 50.Qd3  1-0

[Event "CEG vs Legends 2012"]
[Site "Geneve SUI"]
[Date "2012.08.04"]
[Round "1"]
[White "Gerber,R"]
[Black "Korchnoi,V"]
[Result "1/2-1/2"]
[WhiteElo "2408"]
[BlackElo "2519"]

1.Nf3 Nf6 2.c4 e6 3.d4 b6 4.Nc3 Bb7 5.Bg5 Be7 6.Bxf6 Bxf6 7.e4 d6 8.Qe2 e5
9.d5 c6 10.g3 cxd5 11.cxd5 O-O 12.h4 Nd7 13.Qe3 a6 14.a4 b5 15.b4 bxa4 16.Nxa4 Qb8
17.Bh3 Bc8 18.O-O Bd8 19.Rfc1 Nb6 20.Bxc8 Nxc8 21.Rab1 Na7 22.Rc4 Qb5 23.Qb3 Qd7
24.Kg2 Rb8 25.Nc3 f5 26.Qc2 f4 27.Re1 Bb6 28.Qe2 fxg3 29.fxg3 Nb5 30.Nxb5 Qxb5
31.Rf1 Rbc8 32.Nd2 Rb8 33.Nf3 h6 34.h5 Bd8 35.Ng1 Rxf1 36.Kxf1 a5 37.bxa5 Qxa5
38.Nf3 Qb5 39.Rc2 Qe8 40.Ne1 Ba5 41.Nd3 Qa4 42.Kg2 Bb6 43.Ne1 Rf8 44.Qg4 Qa6
45.Nf3 Bc5 46.Rb2 Rf6 47.Rd2 Qa1 48.Re2 Qb1 49.Rd2 Kh7 50.Re2 Bb6 51.Rd2 Qb3
52.Re2 Qd3 53.Rb2 Qe3 54.Ra2  1/2-1/2

[Event "Politiken Cup 2012"]
[Site "Helsingor DEN"]
[Date "2012.08.04"]
[Round "9.118"]
[White "Petersen,Jan"]
[Black "Aartun,Magnus"]
[Result "0-1"]
[WhiteElo "1632"]
[BlackElo "1800"]

1.d4 Nf6 2.c4 e6 3.Nf3 b6 4.Nc3 Bb4 5.a3 Bxc3+ 6.bxc3 Bb7 7.e3 O-O 8.Bd3 d6
9.O-O Nbd7 10.Qc2 c5 11.e4 Rc8 12.a4 cxd4 13.cxd4 d5 14.exd5 exd5 15.Qb3 dxc4
16.Bxc4 Qc7 17.Be2 Rfe8 18.Be3 Ng4 19.g3 Nxe3 20.fxe3 Qc3 21.Qxc3 Rxc3 22.Rac1 Rexe3
23.Kf2 Nf6 24.Rxc3 Rxc3 25.Ne5 Rc2 26.Ke1 Ra2 27.Bc4 Rxa4 28.Bxf7+ Kf8 29.Rf4 Ke7
30.h4 g6 31.g4 Nd5 32.Bxd5 Bxd5 33.g5 Ra2 34.h5 gxh5 35.Rh4 Ra1+ 36.Ke2 Rh1
37.Rxh1 Bxh1 38.Ke3 b5 39.Kf4 a5 40.Kg3 Be4 41.Kh4 a4 42.Kxh5 a3 43.Kh6 a2  0-1

[Event "38th Badalona Open A"]
[Site "Badalona ESP"]
[Date "2012.08.09"]
[Round "9.5"]
[White "Hernandez Carmenates,Hold"]
[Black "Pogorelov,R"]
[Result "1/2-1/2"]
[WhiteElo "2566"]
[BlackElo "2405"]

1.d4 Nf6 2.c4 e6 3.Nf3 b6 4.Nc3 Bb4 5.Qb3 Qe7 6.a3 Bxc3+ 7.Qxc3 Bb7 8.Bg5 Ne4
9.Bxe7 Nxc3 10.Bh4 Ne4 11.Nd2 Nxd2 12.Kxd2 c5 13.dxc5 bxc5 14.f3 Nc6 15.e3 f6
16.Be2 a5 17.Rhd1 Ke7 18.Bg3 g5 19.Kc3 Ne5 20.f4 gxf4 21.exf4 Nf7 22.Bf2 Rac8
23.g3 Nd6 24.Kb3 Ne4 25.Be1 Ra8 26.f5 exf5 27.Bc3 a4+ 28.Kc2 Bc6 29.Rf1 Rhb8
30.Bd3 Nxc3 31.bxc3 Rb3 32.Rxf5 Rab8 33.Ra2 Rb1 34.Rf2 h6 35.Re2+ Kf7 36.Bf5 R8b3
37.Kd2 Rf1 38.Bh3 Rf3 39.Rc2 Rxa3 40.Bg4 Rf1 41.Bh5+ Kf8 42.Re8+ Kg7 43.Re7+ Kf8
44.Re8+ Kg7 45.Re7+  1/2-1/2

[Event "28th Geraardsbergen Open"]
[Site "Geraardsbergen BEL"]
[Date "2012.08.11"]
[Round "2.6"]
[White "Lot,Diederik"]
[Black "Sarrau,J"]
[Result "0-1"]
[WhiteElo "1925"]
[BlackElo "2319"]

1.d4 Nf6 2.Nf3 e6 3.c4 b6 4.Nc3 Bb4 5.Qc2 Bb7 6.Bd2 O-O 7.e3 d5 8.a3 Be7
9.Be2 Nbd7 10.O-O c5 11.b3 Rc8 12.a4 dxc4 13.bxc4 cxd4 14.Nxd4 Ne5 15.Ncb5 a6
16.Na3 Ne4 17.Be1 Qc7 18.f3 Nc5 19.Bg3 h5 20.h3 Rfd8 21.Rfd1 Nxf3+ 22.Kf2 Qxg3+
23.Kxg3  0-1

[Event "11th Lichtenberger Sommer 2012"]
[Site "Berlin GER"]
[Date "2012.08.19"]
[Round "2.102"]
[White "Stiemerling,K"]
[Black "Casny,G"]
[Result "0-1"]
[WhiteElo "1650"]
[BlackElo "1860"]

1.d4 Nf6 2.c4 e6 3.Nc3 b6 4.Nf3 Bb7 5.Bg5 Be7 6.e3 h6 7.Bh4 O-O 8.h3 c5 9.Ne5 d6
10.Nf3 Nbd7 11.d5 exd5 12.cxd5 Nxd5 13.Bxe7 Nxe7 14.Qxd6 Nf6 15.Rd1 Qxd6
16.Rxd6 Rad8 17.Rxd8 Rxd8 18.Be2 Ned5 19.O-O Nxc3 20.bxc3 Ne4 21.Rc1 Kf8
22.a4 Nd2 23.Ne5 Ke7 24.Bb5 f6 25.Ng6+ Kf7 26.Nf4 g5 27.Ne2 a6 28.c4 axb5
29.axb5 Nb3 30.Rc3 Na5 31.Kh2 Rd2  0-1

[Event "11th Lichtenberger Sommer 2012"]
[Site "Berlin GER"]
[Date "2012.08.20"]
[Round "3.41"]
[White "Sappok,Marius"]
[Black "Zschaebitz,K"]
[Result "1/2-1/2"]
[WhiteElo "1977"]
[BlackElo "2077"]

1.d4 e6 2.c4 Nf6 3.Nf3 b6 4.Nc3 Bb7 5.a3 Be7 6.Qc2 d5 7.cxd5 exd5 8.g3 O-O
9.Bg2 c5 10.O-O Nc6 11.dxc5 bxc5 12.Rd1 Qb6 13.Na4 Qb5 14.Nc3 Qa6 15.Bg5 Ne4
16.Bxe7 Nxe7 17.Nxe4 dxe4 18.Ng5 f5 19.Qxc5 Qf6 20.Qc4+ Kh8 21.h4 Ba6 22.Qe6 Bxe2
23.Rd7 Qxe6 24.Nxe6 Rfe8 25.Bf1 Bh5 26.Rc1 h6 27.Rcc7 Nd5 28.Rc6 Nf6 29.Rdd6 Rac8
30.Ba6 Rxc6 31.Rxc6 Nd5 32.Nd4 f4 33.Rc5 Rd8 34.Bb7 Nf6 35.Rc8 Rxc8 36.Bxc8 fxg3
37.fxg3 e3 38.Ba6 Ne4 39.Kg2 Nd2 40.Be2 Bxe2 41.Nxe2 Nc4 42.b3 Nxa3 43.Nd4 Kh7
44.Kf3 Kg6 45.Kxe3 Kf6 46.g4 a6 47.Kf4 g5+ 48.hxg5+ hxg5+ 49.Ke4 Nb1 50.Nf3  1/2-1/2

[Event "12th World Uni Men"]
[Site "Guimaraes POR"]
[Date "2012.08.22"]
[Round "5.17"]
[White "Rodrigues,PF1"]
[Black "Chang Suarez,A"]
[Result "1-0"]
[WhiteElo "1960"]
[BlackElo "1988"]

1.d4 Nf6 2.c4 e6 3.Nc3 b6 4.Nf3 Bb7 5.Qc2 c5 6.Bf4 Bxf3 7.gxf3 cxd4 8.Nb5 d6
9.Qa4 Qd7 10.Nc7+ Kd8 11.Qxd7+ Nbxd7 12.Nxa8 e5 13.Bg3 Kc8 14.f4 e4 15.O-O-O Kb7
16.Nxb6 Kxb6 17.Rxd4 Kc5 18.e3 Ng4 19.Bh4 g6 20.Rxe4 f5 21.Re8 Bg7 22.Rxh8 Bxh8
23.h3 Ngf6 24.f3 d5 25.cxd5 Nxd5 26.Bf2 Kc6 27.Bc4 N7b6 28.Bb3 Bf6 29.h4 a5
30.a3 a4 31.Bc2 Kc7 32.b3 Be7 33.bxa4 Bxa3+ 34.Kd2 Bb4+ 35.Kd3 Nd7 36.h5 Kd6
37.hxg6 hxg6 38.Rh6 Nf8 39.Bb3 Nf6 40.Kc4 Bd2 41.Kb5 Ne8 42.a5 Nc7+ 43.Ka4 Ke7
44.Bc4 Nd7 45.Bh4+ Kd6 46.Rxg6+ Kc5 47.Be7+ Kxc4 48.Rc6+ Kd5 49.Rxc7 Ke6
50.Rc2 Bxa5 51.Kxa5 Kxe7 52.Rc7 Kd6 53.Rxd7+ Kxd7  1-0

[Event "12th ch-Euro Seniors"]
[Site "Kaunas LTU"]
[Date "2012.08.22"]
[Round "5.9"]
[White "Hecht,HJ"]
[Black "Kraidman,Y"]
[Result "1/2-1/2"]
[WhiteElo "2357"]
[BlackElo "2253"]

1.Nf3 Nf6 2.c4 e6 3.d4 b6 4.Nc3 Bb7 5.a3 d5 6.cxd5 Nxd5 7.e3 Nd7 8.Bd3 c5
9.O-O Be7 10.Qe2 cxd4 11.Nxd5 Bxd5 12.Nxd4 O-O 13.Rd1 Bf6 14.e4 Bxd4 15.exd5 e5
16.Be3 Nf6 17.Bxd4 exd4 18.Bc4 b5 19.Bxb5 Qxd5 20.Qc4 Rad8 21.Qxd5 Rxd5 22.Bd3 Rfd8
23.Rac1 g6 24.Rc7 R5d7 25.Rc2 Rd6 26.Kf1 Ng4 27.h3 Ne5 28.Rc5 Rd5 29.Rxd5 Rxd5
30.Ke2 g5 31.Rc1 a5 32.Kd2 Kg7 33.Rc7 h5 34.b4 axb4 35.axb4 Kf6 36.Ra7 Ke6
37.Ra6+ Ke7 38.Ra5 Kd6 39.Ra6+ Ke7 40.Ra5 Kd6 41.Ra6+  1/2-1/2

[Event "24th Schlosspark Open"]
[Site "Wiesbaden GER"]
[Date "2012.08.25"]
[Round "5.18"]
[White "Goloborodko,D"]
[Black "Nagel,Erwin"]
[Result "1-0"]
[WhiteElo "2124"]
[BlackElo "1957"]

1.d4 Nf6 2.c4 e6 3.Nc3 b6 4.Nf3 Bb7 5.Bg5 Be7 6.e3 d6 7.Bd3 c5 8.O-O cxd4
9.exd4 Nbd7 10.Re1 O-O 11.Bf4 a6 12.a4 Re8 13.Nd2 e5 14.Be3 exd4 15.Bxd4 Nc5
16.Bf5 Bc8 17.Qc2 Bxf5 18.Qxf5 Ne6 19.Be3 Rb8 20.Rad1 Qc8 21.Nd5 Nxd5 22.Qxd5 Nc5
23.b3 Bf8 24.Bf4 Qd7 25.h3 Rbc8 26.Re3 Ne6 27.Bg3 Nc5 28.Ne4 Rxe4 29.Rxe4 Nxe4
30.Qxe4 a5 31.Qd4 Rc6 32.Qe4 g6 33.f3 Rc8 34.Bf2 Rc6 35.Rd5 Be7 36.Rb5 Qc7
37.Bd4 f6 38.h4 Kg7 39.h5 Rc5 40.Bxc5 dxc5 41.b4 axb4 42.a5 Qd6 43.h6+ Kxh6
44.Rxb6 Qd1+ 45.Kf2 Qd2+ 46.Qe2 Qd8 47.Re6 Bf8 48.a6 g5 49.a7 Qd4+ 50.Qe3 Qa1
51.Rxf6+ Qxf6 52.a8=Q Qb2+ 53.Kf1 Qb1+ 54.Qe1 Qd3+ 55.Qe2 Qb1+ 56.Kf2  1-0

[Event "World Youth U16 Olympiad 2012"]
[Site "Istanbul TUR"]
[Date "2012.08.31"]
[Round "4.10"]
[White "Nurlanov,Zhakshylyk"]
[Black "Dolnak,Michal"]
[Result "1-0"]
[WhiteElo "1912"]
[BlackElo "2141"]

1.d4 Nf6 2.c4 e6 3.Nf3 b6 4.Nc3 Bb7 5.e3 Bb4 6.Bd3 Ne4 7.Qc2 f5 8.O-O Bxc3
9.bxc3 O-O 10.c5 Rf6 11.Ne1 Rh6 12.g3 Rg6 13.c4 Qg5 14.Ng2 Rh6 15.f3 Rxh2
16.Bxe4 Bxe4 17.fxe4 Qxg3 18.exf5 Nc6 19.Qe2 Rh3 20.Rf4 exf5 21.Bb2 Rf8 22.Qf2 Qg5
23.Rf3 Rh5 24.d5 Qh6 25.Qe2 Ne7 26.Kf2 Rh2 27.Rg1 Qh4+ 28.Kf1 Qe4 29.Ne1 Rxe2
30.Rxg7+ Kh8 31.Rxe7+ Rxb2 32.Rxe4 Rxa2 33.Re7 Rb2  1-0

[Event "World Youth U16 Olympiad 2012"]
[Site "Istanbul TUR"]
[Date "2012.08.31"]
[Round "4.4"]
[White "Ozgur,T"]
[Black "Dobes,V"]
[Result "1-0"]
[WhiteElo "1653"]
[BlackElo "2060"]

1.c4 e6 2.Nf3 Nf6 3.d4 b6 4.Nc3 Bb7 5.Bg5 d5 6.cxd5 exd5 7.e3 Be7 8.Bd3 O-O
9.O-O Nbd7 10.Rc1 Ne4 11.Bxe7 Qxe7 12.Qb3 Ndf6 13.Rc2 c5 14.Qa3 Qe6 15.dxc5 Nxc5
16.Nd4 Qe5 17.Be2 Ne6 18.Rd1 Rfe8 19.Ncb5 Red8 20.Nxe6 fxe6 21.Rc7 Rd7 22.Rxd7 Nxd7
23.Qe7 Bc6 24.Nd6 Qf6 25.Qxf6 Nxf6 26.Rc1 Bd7 27.Rc7 Kf8 28.e4 dxe4 29.Nxe4 Ke8
30.Nxf6+ gxf6 31.Bf3 Rc8 32.Rxc8+ Bxc8 33.g4 Ke7 34.Kg2 Kd6 35.Kg3 Bd7 36.Be4 f5
37.Bc2 Ke5 38.f4+ Kf6 39.g5+ Kg6 40.h4 h6 41.Bd1 hxg5 42.hxg5 e5 43.Bb3 exf4+
44.Kxf4 Bc6 45.Be6 Be4 46.Bd7 Bb1 47.Be8+ Kg7 48.a3 Bc2 49.Ke5 Bd3 50.b4 Bc2
51.Kd6 f4 52.Bh5 Bg6 53.Bg4 Bc2 54.Ke5 Kg6 55.Kxf4 a5 56.b5 Bd3 57.Bd7 Kf7
58.Ke5 Ke7 59.Bc6 Kd8 60.Kd6 Bg6 61.Bd5 Be8 62.a4 Bg6 63.Kc6 Bc2 64.Kxb6 Bxa4
65.g6 Bc2 66.g7  1-0

[Event "37th Trade Fair Open A"]
[Site "Brno CZE"]
[Date "2012.09.02"]
[Round "9"]
[White "Gagarin,V"]
[Black "Sergeev,Vl"]
[Result "1/2-1/2"]
[WhiteElo "2372"]
[BlackElo "2481"]

1.d4 Nf6 2.c4 e6 3.Nf3 b6 4.Nc3 Bb7 5.Qc2 c5 6.dxc5 Bxc5 7.Bg5 h6 8.Bh4 Be7
9.e4 d6 10.O-O-O Nbd7 11.Bxf6 gxf6 12.Nd4 a6 13.Be2 Qc7 14.f4 h5 15.Kb1 Bf8
16.Rhf1 h4 17.f5 e5 18.Nf3 Rc8 19.Rfe1 Qc5 20.Bf1 Bc6 21.Nd5 Bxd5 22.Rxd5 Qc6  1/2-1/2

[Event "DYTM KL Open 2012"]
[Site "Kuala Lumpur MAS"]
[Date "2012.09.19"]
[Round "3.6"]
[White "Laylo,D"]
[Black "Ng Tze Han"]
[Result "1-0"]
[WhiteElo "2489"]
[BlackElo "2285"]

1.d4 Nf6 2.Nf3 e6 3.c4 b6 4.Nc3 Bb4 5.e3 Bb7 6.Bd3 O-O 7.O-O Bxc3 8.bxc3 c5
9.Qc2 Bxf3 10.gxf3 Nc6 11.Ba3 d6 12.Kh1 Rc8 13.Rg1 Ne7 14.Rg3 Qd7 15.Rag1 g6
16.Rg5 Kh8 17.e4 Nh5 18.Bc1 f6 19.R5g4 e5 20.Rh4 Qe8 21.f4 exf4 22.Be2 Ng7
23.Bxf4 Ne6 24.Bxd6 cxd4 25.Bg4 Rc6 26.e5 f5 27.Be2 dxc3 28.Qxc3 Rf7 29.Bf3 Rc8
30.Bb7 Rd8 31.Bd5 Nc8 32.Rxg6 Rg7 33.Rxg7 Nxg7 34.Rh6 Ne7 35.Qh3  1-0

[Event "TCh-VIE 2012"]
[Site "Ho Chi Minh City VIE"]
[Date "2012.09.22"]
[Round "3.10"]
[White "Bui Vinh"]
[Black "Doan Van Duc"]
[Result "1-0"]
[WhiteElo "2436"]
[BlackElo "2100"]

1.d4 Nf6 2.c4 e6 3.Nf3 b6 4.Nc3 Bb7 5.Bg5 Bb4 6.Nd2 h6 7.Bh4 Qe7 8.e3 Bxc3
9.bxc3 d6 10.f3 Nbd7 11.e4 g5 12.Bf2 Nh5 13.a4 a5 14.g3 f5 15.Bg2 Nhf6 16.Rb1 g4
17.Qe2 h5 18.O-O fxe4 19.fxe4 e5 20.Be3 O-O-O 21.Bg5 Rdf8 22.Rf5 Qg7 23.c5 dxc5
24.dxe5 Nh7 25.Bf4 Re8 26.Nc4 Nhf8 27.Bf1 Re6 28.Rd1 Ng6 29.Rg5 Qe7 30.Rd5 Qh7
31.h3 Ne7 32.Bg2 Rg8 33.hxg4 Nxd5 34.Rxg8+ Qxg8 35.exd5 Re8 36.e6 Qxg4 37.Qxg4 hxg4
38.exd7+ Kxd7 39.Ne5+ Kd8 40.c4 Rg8 41.Be4 Ba6 42.Bf5 Rg7 43.Kf2 b5 44.cxb5 Bb7
45.Nc6+ Ke8 46.Ke3 Bxc6 47.dxc6 Re7+ 48.Kd3 Re1 49.b6 cxb6 50.c7  1-0

[Event "DYTM KL Open 2012"]
[Site "Kuala Lumpur MAS"]
[Date "2012.09.22"]
[Round "7.7"]
[White "Laylo,D"]
[Black "Dimakiling,O"]
[Result "1/2-1/2"]
[WhiteElo "2489"]
[BlackElo "2428"]

1.d4 Nf6 2.c4 e6 3.Nf3 b6 4.Nc3 Bb4 5.e3 O-O 6.Bd3 d5 7.a3 Bxc3+ 8.bxc3 Nc6
9.a4 Na5 10.cxd5 exd5 11.Ba3 Re8 12.Ne5 c5 13.O-O Qc7 14.f4 Bb7 15.Rf3 Ne4
16.Rh3 g6 17.dxc5 Nxc5 18.Bb5 Re6 19.Ng4 a6 20.f5 gxf5 21.Nh6+ Kf8 22.Nxf5 Qe5
23.Bd3 h6 24.Nd4 Rf6 25.Qe2 Ke8 26.Rh5 Qe7 27.Rf1 Rxf1+ 28.Kxf1 Qd7 29.Re5+ Kd8
30.Bxc5 bxc5 31.Qh5 Kc7 32.Bf5 Qxa4 33.Qxf7+ Kb6 34.Re6+ Ka7 35.Ne2 Nc6 36.g4 Nd8
37.Qe8 Qd1+ 38.Kf2 Nxe6 39.Qxe6 d4 40.cxd4 cxd4 41.Qe7 Rb8 42.Nxd4 Qd2+ 43.Ne2 Qd5
44.e4 Qc6 45.h4 Qb6+ 46.Kf3 Rd8 47.Qa3 Ka8 48.Qe3 Qf6 49.Kg3 Qe5+ 50.Qf4 Rd3+
51.Kf2 Qc5+ 52.Kg2 Re3 53.Ng3 a5 54.g5 hxg5 55.hxg5 Re1 56.g6 Qc3 57.Qd6 Ka7
58.Kh3 a4 59.Qe7 Rg1 60.Qd6 Rb1 61.Kh4 Rb3 62.Nh5 Qe1+ 63.Kg5 Qe3+ 64.Kh4 Rb6
65.Qg3 Qxg3+ 66.Nxg3 a3 67.g7 a2 68.g8=Q a1=Q 69.Qc4 Rc6 70.Qe2 Qd4 71.Kg4 Ba6
72.Qa2 Qg7+ 73.Kf4 Rc3 74.Qf2+ Kb7 75.e5 Rb3 76.Be4+ Kb8 77.Nf5 Qh8 78.Qc5  1/2-1/2

[Event "30th Balaton Open"]
[Site "Heviz HUN"]
[Date "2012.09.23"]
[Round "1.7"]
[White "Koczka,Z"]
[Black "Marjanovics,G"]
[Result "1/2-1/2"]
[WhiteElo "2254"]
[BlackElo "2125"]

1.d4 Nf6 2.c4 e6 3.Nf3 b6 4.Nc3 Bb4 5.Bg5 Bxc3+ 6.bxc3 Bb7 7.e3 d6 8.Be2 Nbd7
9.O-O h6 10.Bh4 g5 11.Bg3 Ne4 12.Qc2 h5 13.h4 g4 14.Nd2 f5 15.Bd3 Ndf6 16.Rad1 Qe7
17.c5 dxc5 18.Qa4+ Kf7 19.Bxe4 Nxe4 20.Nxe4 Bxe4 21.dxc5 Rhd8 22.c6 a5 23.Rd7 Rxd7
24.cxd7 c6 25.Rd1 b5 26.Qd4 Bd5 27.Qe5 Rd8 28.Qf4 Qf6 29.Qc7 Qe7  1/2-1/2

[Event "30th Balaton GM"]
[Site "Heviz HUN"]
[Date "2012.09.28"]
[Round "6.5"]
[White "Varga,Zo"]
[Black "Nemeth,Mi1"]
[Result "1/2-1/2"]
[WhiteElo "2455"]
[BlackElo "2454"]

1.d4 Nf6 2.c4 e6 3.Nf3 b6 4.Nc3 d5 5.cxd5 exd5 6.Bf4 Bd6 7.Bxd6 Qxd6 8.e3 O-O
9.Be2 Re8 10.O-O Ne4 11.Rc1 Nxc3 12.Rxc3  1/2-1/2

[Event "1st Simon Bolivar Open 2012"]
[Site "San Cristobal VEN"]
[Date "2012.09.28"]
[Round "6.19"]
[White "Ubaldo Suarez,M"]
[Black "Vijayalakshmi,S"]
[Result "0-1"]
[WhiteElo "2063"]
[BlackElo "2387"]

1.d4 Nf6 2.Nf3 e6 3.c4 b6 4.Nc3 Bb7 5.Bg5 h6 6.Bh4 Be7 7.Qc2 O-O 8.e4 c5
9.e5 Ne8 10.Bxe7 Qxe7 11.d5 exd5 12.Nxd5 Bxd5 13.cxd5 d6 14.O-O-O dxe5 15.Qe4 Nd6
16.Qxe5 Re8 17.Qf4 Nd7 18.Bd3 c4 19.Bc2 c3 20.Rhe1 cxb2+ 21.Kxb2 Qf8 22.Rxe8 Rxe8
23.Ka1 Rc8 24.Nd4 Nf6 25.Bb3 a5 26.Nc6 Re8 27.f3 Nd7 28.g4 Nc5 29.Bc2 Re2
30.Nd4 g5 31.Qg3 Re3 32.Qf2 Ra3 33.f4 Qg7 34.f5 Qf6 35.Qe2 Rf3 36.Kb2 Rf4
37.Qe3 Kg7  0-1

[Event "3rd Copa Latino-Americana"]
[Site "Cali COL"]
[Date "2012.10.05"]
[Round "3.7"]
[White "Uribe,M"]
[Black "Florez,Luis Angel"]
[Result "1-0"]
[WhiteElo "2343"]
[BlackElo "1994"]

1.d4 Nf6 2.Nf3 e6 3.c4 b6 4.Nc3 Bb7 5.Bg5 Be7 6.e3 d5 7.Rc1 Nbd7 8.cxd5 exd5
9.Bxf6 Nxf6 10.Qa4+ c6 11.Ne5 Qd6 12.Ba6 Bxa6 13.Qxa6 O-O 14.Qb7 Rfc8 15.O-O Rab8
16.Qxa7 Ne4 17.Nxe4 dxe4 18.Nxc6 Rxc6 19.Rxc6 Qxc6 20.Qxb8+  1-0

[Event "TCh-NED Meesterklasse 2012-13"]
[Site "Netherland NED"]
[Date "2012.10.06"]
[Round "2.6"]
[White "Van de Griendt,JW"]
[Black "Van der Heijden,T"]
[Result "1-0"]
[WhiteElo "2323"]
[BlackElo "2285"]

1.d4 Nf6 2.c4 e6 3.Nf3 b6 4.Nc3 Bb4 5.Qb3 c5 6.Bg5 Bb7 7.e3 h6 8.Bh4 Nc6
9.d5 Na5 10.Qc2 exd5 11.O-O-O Bxc3 12.Qxc3 g5 13.Bg3 O-O 14.Nd2 d6 15.h4 Nc6
16.hxg5 hxg5 17.a3 Kg7 18.cxd5 Ne7 19.e4 Ng6 20.Nc4 Nf4 21.Bxf4 gxf4 22.Qf3  1-0

[Event "TCh-CHN 2012"]
[Site "Hangzhou CHN"]
[Date "2012.10.07"]
[Round "16"]
[White "Mu Ke"]
[Black "Yu Shaoteng"]
[Result "1/2-1/2"]
[WhiteElo "2286"]
[BlackElo "2507"]

1.Nf3 Nf6 2.c4 e6 3.d4 b6 4.Nc3 Bb4 5.Bg5 h6 6.Bh4 Bb7 7.Qc2 Be4 8.Qb3 c5
9.Nd2 g5 10.Bg3 Nc6 11.Be5 Bg6 12.e3 Nxe5 13.dxe5 Ng4 14.a3 Ba5 15.Nf3 Qc7
16.h4 O-O-O 17.Be2 d6 18.exd6 Qxd6 19.Kf1 Qe7 20.Qb5 Bxc3 21.bxc3 Qf6 22.Qc6+ Kb8
23.Rc1 Rd2 24.hxg5 hxg5 25.Rxh8+ Qxh8 26.Kg1 Rxe2 27.Qd6+  1/2-1/2

[Event "TCh-SUI National A 2012"]
[Site "Switzerland SUI"]
[Date "2012.10.20"]
[Round "8.7"]
[White "Huss,A"]
[Black "Gloor,R"]
[Result "1/2-1/2"]
[WhiteElo "2304"]
[BlackElo "2249"]

1.d4 Nf6 2.c4 e6 3.Nf3 b6 4.Nc3 Bb4 5.Qc2 Bb7 6.a3 Be4 7.Qd2 Bxc3 8.Qxc3 O-O
9.Bg5 d5 10.cxd5 Bxd5 11.Rc1 Nbd7 12.e3 c5 13.Ba6 h6 14.Bh4 cxd4 15.exd4 Nb8
16.Bb5 a6 17.Ba4 b5 18.Bb3 Bxb3 19.Bxf6 Qd5 20.Nd2 Qxg2 21.Ke2 Qg4+ 22.Kf1 Bd1
23.Qe3 Be2+ 24.Qxe2 Qxe2+ 25.Kxe2 gxf6 26.Ne4 f5 27.Rhg1+ Kh8 28.Nf6 Ra7
29.d5 Nd7 30.Nxd7 Rxd7 31.dxe6 Re8 32.Rc6 Rxe6+ 33.Rxe6 fxe6 34.Rg6 Rd6 35.Rxh6+ Kg7
36.Rh3 Kf6 37.Rd3 Rb6 38.f4 Rc6 39.Rc3 Rd6 40.Rd3 Rb6 41.Rc3 Rb8 42.h3 Rg8
43.Kf2 Rd8 44.Ke2 Rd4 45.Ke3 Rd1 46.Kf3 Rd2 47.b4 Ke7 48.Kg3 Kd6 49.h4 Rd1
50.Kg2 Kd5 51.Re3 Kd6 52.h5 Ke7 53.Rg3 Kf6 54.Re3 Rd4 55.Kg3 Rc4 56.h6 Rc6
57.h7 Kg7 58.Kh4 Kxh7 59.Kg5 Kg7 60.Rd3 Rc7 61.Rd6 Kf7 62.Rxa6 Rb7 63.Rc6 Ke7
64.Rc5 Rb8 65.Rc7+ Kd6 66.Rc5 Ke7 67.Rc7+ Kd6  1/2-1/2

[Event "13th Liberec Open 2012"]
[Site "Liberec CZE"]
[Date "2012.10.24"]
[Round "6"]
[White "Jina,L"]
[Black "Svertsal,M"]
[Result "1-0"]
[WhiteElo "1806"]
[BlackElo "1683"]

1.d4 Nf6 2.Nf3 e6 3.c4 b6 4.Nc3 Bb4 5.e3 O-O 6.Be2 d5 7.O-O dxc4 8.Bxc4 Bb7
9.Be2 Bxc3 10.bxc3 Nbd7 11.Bb2 Rc8 12.Rc1 a6 13.Qb3 Re8 14.Rfd1 c6 15.Ba3 b5
16.c4 Nb6 17.cxb5 axb5 18.Bxb5 Ng4 19.Ne1 Qd7 20.Be2 Nf6 21.Qxb6 Nd5 22.Qc5  1-0

[Event "16th OIBM 2012"]
[Site "Bad Wiessee GER"]
[Date "2012.10.29"]
[Round "3.18"]
[White "Kunin,V"]
[Black "Fischer,G1"]
[Result "1-0"]
[WhiteElo "2516"]
[BlackElo "2151"]

1.Nf3 Nf6 2.d4 e6 3.c4 b6 4.Nc3 Bb7 5.Qc2 Bb4 6.a3 Bxc3+ 7.Qxc3 h6 8.e3 d6
9.Be2 Nbd7 10.O-O O-O 11.b4 Ne4 12.Qc2 Qe7 13.Bb2 Ng5 14.Nxg5 Qxg5 15.g3 f5
16.Rad1 Be4 17.Qc1 Bb7 18.c5 Bd5 19.cxd6 cxd6 20.Qc7 Qe7 21.Rc1 a6 22.b5 a5
23.a4 Rfc8 24.Qxc8+ Rxc8 25.Rxc8+ Kh7 26.Rfc1 Qf6 27.R1c7 Nf8 28.f4 Ng6 29.Rd7 Nf8
30.Rdd8 Ng6 31.Ba3 Qf7 32.Bxd6 Bb3 33.Rc7 Qf6 34.Rdd7 Bxa4 35.Rf7  1-0